[Event "Langenhagen Summer op 1st"]
[Site "Langenhagen"]
[Date "2019.07.07"]
[Round "7"]
[White "Hoebel, Oliver"]
[Black "Blankenheim, Manuel"]
[Result "1-0"]
[WhiteElo "1541"]
[BlackElo "985"]
[PlyCount "75"]
[EventDate "2019.07.04"]
[EventType "swiss"]
[EventRounds "7"]
[EventCountry "GER"]
[SourceTitle "EXT 2020"]
[Source "ChessBase"]
[SourceDate "2019.10.17"]
[SourceVersion "1"]
[SourceVersionDate "2019.10.17"]
[SourceQuality "1"]

1. d4 d5 2. Nf3 Bg4 3. Nbd2 Nd7 4. g3 e6 5. Bg2 Ngf6 6. c4 c5 7. cxd5 exd5 8. 0-0 h6 9. Qb3 b6 10. Re1 Be6 11. Qa4 Bd6 12. e4 dxe4 13. Nxe4 Nxe4 14. Rxe4 0-0 15. Re1 Nf6 16. Be3 Qc7 17. Rac1 Rfe8 18. dxc5 bxc5 19. b4 Bd7 20. Qc2 Nd5 21. Bxc5 Bxc5 22. bxc5 Rxe1+ 23. Nxe1 Bc6 24. Qc4 Rd8 25. Rd1 Ne7 26. Rxd8+ Qxd8 27. Nd3 Bd5 28. Qa6 Bxa2 29. Qxa2 Qxd3 30. Qxa7 Qb1+ 31. Bf1 Qe4 32. Qb8+ Kh7 33. Qd8 f5 34. Qd6 Nd5 35. h4 Ne3 36. fxe3 Qxe3+ 37. Kh2 Qf2+ 38. Bg2 1-0

[Event "Langenhagen Summer op 1st"]
[Site "Langenhagen"]
[Date "2019.07.05"]
[Round "3"]
[White "Hoebel, Oliver"]
[Black "Schomann, Michael"]
[Result "1-0"]
[WhiteElo "1541"]
[BlackElo "1548"]
[PlyCount "55"]
[EventDate "2019.07.04"]
[EventType "swiss"]
[EventRounds "7"]
[EventCountry "GER"]
[SourceTitle "EXT 2020"]
[Source "ChessBase"]
[SourceDate "2019.10.17"]
[SourceVersion "1"]
[SourceVersionDate "2019.10.17"]
[SourceQuality "1"]

1. d4 d5 2. Nf3 Nf6 3. g3 g6 4. Bg2 Bg7 5. c4 c6 6. Nbd2 0-0 7. 0-0 Re8 8. b3 Nbd7 9. Bb2 b6 10. Rc1 Bb7 11. Qc2 Rc8 12. h3 c5 13. Qb1 dxc4 14. dxc5 Nxc5 15. Rfd1 Ncd7 16. Nxc4 b5 17. Nce5 Rxc1 18. Qxc1 Qc8 19. Nxd7 Nxd7 20. Qxc8 Bxc8 21. Bxg7 Kxg7 22. Rc1 e5 23. Rc7 a6 24. Nd2 Nf6 25. Bc6 Rd8 26. Nf3 Bxh3 27. Ng5 Be6 28. Nxe6+ 1-0

[Event "Langenhagen Summer op 1st"]
[Site "Langenhagen"]
[Date "2019.07.04"]
[Round "1"]
[White "Hoebel, Oliver"]
[Black "Leppert, Hans Juergen"]
[Result "0-1"]
[WhiteElo "1541"]
[BlackElo "1788"]
[PlyCount "46"]
[EventDate "2019.07.04"]
[EventType "swiss"]
[EventRounds "7"]
[EventCountry "GER"]
[SourceTitle "EXT 2020"]
[Source "ChessBase"]
[SourceDate "2019.10.17"]
[SourceVersion "1"]
[SourceVersionDate "2019.10.17"]
[SourceQuality "1"]

1. d4 e6 2. Nf3 Nf6 3. g3 d5 4. Bg2 Be7 5. c4 0-0 6. Nbd2 c5 7. 0-0 b6 8. b3 Bb7 9. Bb2 Nbd7 10. Rc1 Rc8 11. cxd5 Bxd5 12. Re1 Ne4 13. Ne5 Ndf6 14. f3 Nxd2 15. Qxd2 Ba8 16. Red1 cxd4 17. Rxc8 Qxc8 18. Bxd4 Rd8 19. Qb2 h6 20. Rc1 Qa6 21. a4 Qa5 22. Nc4 Qa6 23. e4 Rxd4 0-1

[Event "Langenhagen-ch op"]
[Site "Langenhagen"]
[Date "2009.05.30"]
[Round "3"]
[White "Wittur, Helge"]
[Black "Hoebel, Oliver"]
[Result "1-0"]
[WhiteElo "1918"]
[BlackElo "1479"]
[PlyCount "63"]
[EventDate "2009.05.09"]
[EventType "tourn"]
[EventRounds "5"]
[EventCountry "GER"]
[SourceTitle "EXT 2021"]
[Source "ChessBase"]
[SourceDate "2020.10.23"]
[SourceVersion "1"]
[SourceVersionDate "2020.10.23"]
[SourceQuality "1"]

1. c4 Nf6 2. Nc3 g6 3. d4 Bg7 4. e4 d6 5. f3 0-0 6. Be3 e5 7. d5 Nh5 8. Qd2 Qh4+ 9. Bf2 Qf4 10. Qxf4 Nxf4 11. g3 Nh5 12. Nb5 Na6 13. a3 b6 14. Be3 Bd7 15. Bh3 Bxb5 16. cxb5 Nc5 17. b4 Nb3 18. Ra2 a5 19. bxa6 Rxa6 20. Bd7 Nf6 21. Bc6 Nd4 22. Bxd4 exd4 23. Ne2 Ne8 24. Nf4 Be5 25. Nd3 f5 26. exf5 Rxf5 27. f4 Bg7 28. Bxe8 Rxd5 29. 0-0 c5 30. Bb5 Rxa3 31. Rxa3 cxb4 32. Ra8+ 1-0

[Event "Langenhagen-ch op"]
[Site "Langenhagen"]
[Date "2008.06.14"]
[Round "3"]
[White "Hoebel, Oliver"]
[Black "Baum, Frank Christian"]
[Result "1/2-1/2"]
[WhiteElo "1334"]
[BlackElo "1514"]
[PlyCount "94"]
[EventDate "2008.05.04"]
[EventType "tourn"]
[EventRounds "7"]
[EventCountry "GER"]
[SourceTitle "EXT 2021"]
[Source "ChessBase"]
[SourceDate "2020.10.23"]
[SourceVersion "1"]
[SourceVersionDate "2020.10.23"]
[SourceQuality "1"]

1. Nf3 e6 2. g3 d5 3. d4 c5 4. Bg2 Nc6 5. c3 Qb6 6. 0-0 Nf6 7. e3 Be7 8. Nbd2 0-0 9. Re1 cxd4 10. exd4 Bd7 11. Ne5 Nxe5 12. dxe5 Ne8 13. Nf3 Bc5 14. Nd4 Bxd4 15. Qxd4 Qxd4 16. cxd4 Rc8 17. Be3 Nc7 18. Rac1 Na6 19. a3 Ba4 20. Bf1 Nb8 21. Rc5 Rxc5 22. dxc5 Bb3 23. Rc1 Nd7 24. f4 Rc8 25. Rc3 Bd1 26. b4 a6 27. Rc1 Ba4 28. Rb1 f6 29. Bd4 fxe5 30. fxe5 Kf7 31. Kf2 Rf8 32. Ke3 Ke7 33. b5 axb5 34. Bxb5 Bc2 35. Rb2 Be4 36. Bxd7 Kxd7 37. Rxb7+ Kc6 38. Rb6+ Kd7 39. Ke2 Rf3 40. Bb2 Rd3 41. a4 Rf3 42. a5 Rf8 43. Rd6+ Ke7 44. c6 Rd8 45. Rxd8 Kxd8 46. a6 d4 47. Bxd4 Bxc6 1/2-1/2

[Event "Langenhagen-ch op"]
[Site "Langenhagen"]
[Date "2008.05.24"]
[Round "1"]
[White "Hoebel, Oliver"]
[Black "Wittur, Helge"]
[Result "1/2-1/2"]
[WhiteElo "1334"]
[BlackElo "1896"]
[PlyCount "99"]
[EventDate "2008.05.04"]
[EventType "tourn"]
[EventRounds "7"]
[EventCountry "GER"]
[SourceTitle "EXT 2021"]
[Source "ChessBase"]
[SourceDate "2020.10.23"]
[SourceVersion "1"]
[SourceVersionDate "2020.10.23"]
[SourceQuality "1"]

1. Nf3 Nf6 2. d4 c5 3. c4 cxd4 4. Qxd4 Nc6 5. Qc3 e6 6. Nbd2 Bc5 7. g3 Qb6 8. e3 0-0 9. a3 a5 10. Bg2 d5 11. 0-0 Bd7 12. cxd5 exd5 13. Qb3 a4 14. Qxb6 Bxb6 15. b4 axb3 16. Nxb3 Ra4 17. Bb2 Rfa8 18. Rfd1 Be6 19. Bf1 Bg4 20. Bg2 Ne7 21. h3 Be6 22. Nbd4 Ne4 23. Nxe6 fxe6 24. Ne5 Bc5 25. Rd3 Nf5 26. Nd7 Ba7 27. Rb3 Nd2 28. Rxb7 Nd6 29. Rb4 Ra6 30. Rg4 Nf5 31. e4 dxe4 32. Bxe4 Nxe4 33. Rxe4 Nxg3 34. Nf6+ Kf7 35. Kg2 Nxe4 36. Nxe4 Rb8 37. Be5 Rb3 38. Rd1 Kg6 39. Rd7 Kf5 40. Nd2 Rbxa3 41. Bxg7 Ra2 42. Bh6 e5 43. Bf8 Rg6+ 44. Kf3 h5 45. Ne4 Raa6 46. Rh7 Ke6 47. Bc5 Bxc5 48. Nxc5+ Kd5 49. Nxa6 Rxa6 50. Rxh5 1/2-1/2

[Event "Langenhagen-ch op"]
[Site "Langenhagen"]
[Date "2007.07.22"]
[Round "7"]
[White "Koester, Hans Juergen"]
[Black "Hoebel, Oliver"]
[Result "1/2-1/2"]
[WhiteElo "1612"]
[BlackElo "1206"]
[PlyCount "115"]
[EventDate "2007.05.12"]
[EventType "swiss"]
[EventRounds "7"]
[EventCountry "GER"]
[SourceTitle "EXT 2021"]
[Source "ChessBase"]
[SourceDate "2020.10.23"]
[SourceVersion "1"]
[SourceVersionDate "2020.10.23"]
[SourceQuality "1"]

1. e4 g6 2. d4 Bg7 3. f4 d6 4. Nf3 Nf6 5. Bd3 0-0 6. c3 c6 7. Nbd2 Nbd7 8. Nf1 Qc7 9. h3 e5 10. g4 exd4 11. Nxd4 Re8 12. Ng3 Nc5 13. Qf3 Bd7 14. 0-0 Nxd3 15. Qxd3 c5 16. Nf3 Bc6 17. Nd2 b5 18. g5 c4 19. Qc2 Nd7 20. Nf3 Nc5 21. f5 Nxe4 22. Bf4 Nxg3 23. Bxg3 Be4 24. Qh2 Bxf5 25. Nd4 Bxd4+ 26. cxd4 Qb6 27. Rad1 Bd3 28. Rf4 Re2 29. Bf2 Rae8 30. Qg3 Qc6 31. Rf6 Rd8 32. Qf4 Qe4 33. Rxf7 Qxf4 34. Rxf4 Rf8 35. Rxf8+ Kxf8 36. Bg3 d5 37. Rf1+ Bf5 38. Rf2 Rxf2 39. Kxf2 Bxh3 40. Kf3 Kf7 41. Be1 Ke6 42. Kf4 Bf5 43. a3 Be4 44. Bb4 Kf7 45. Ke5 h6 46. gxh6 g5 47. Bd2 g4 48. Kf4 Bf3 49. Kg3 Kg6 50. Kh4 a5 51. Bxa5 Kxh6 52. Kg3 Kg5 53. Kf2 Kf4 54. Bd2+ Ke4 55. Bc3 Kf5 56. Ke3 Kg5 57. Be1 Kf5 58. Bg3 1/2-1/2

[Event "Langenhagen-ch op"]
[Site "Langenhagen"]
[Date "2007.05.19"]
[Round "2"]
[White "Hoebel, Oliver"]
[Black "Birkenbeul, Harald"]
[Result "0-1"]
[WhiteElo "1206"]
[BlackElo "1390"]
[PlyCount "98"]
[EventDate "2007.05.12"]
[EventType "swiss"]
[EventRounds "7"]
[EventCountry "GER"]
[SourceTitle "EXT 2021"]
[Source "ChessBase"]
[SourceDate "2020.10.23"]
[SourceVersion "1"]
[SourceVersionDate "2020.10.23"]
[SourceQuality "1"]

1. Nf3 d5 2. g3 Bg4 3. Bg2 Nf6 4. d3 h6 5. 0-0 e6 6. Nbd2 c5 7. c3 Nc6 8. Qc2 Bd6 9. e4 dxe4 10. dxe4 Qc7 11. Re1 Be5 12. Nc4 Bxf3 13. Bxf3 Qe7 14. a4 Rd8 15. Be3 0-0 16. Rad1 b6 17. h3 Nh7 18. Qc1 Qf6 19. Bg2 Qg6 20. f4 Bc7 21. Bf2 Ne7 22. Rxd8 Rxd8 23. Rd1 Nf6 24. Rxd8+ Bxd8 25. Nd6 Bc7 26. e5 Nfd5 27. Qd2 Qb1+ 28. Kh2 Qa2 29. Bxd5 exd5 30. Qc2 Ng6 31. h4 Nf8 32. h5 Bxd6 33. exd6 Ne6 34. f5 Nf8 35. Be3 Qc4 36. b3 Qg4 37. Qd3 Qf3 38. Kh3 Nd7 39. Qc2 Qxe3 40. Qg2 Qd3 41. c4 Qxf5+ 42. g4 Qd3+ 43. Qg3 dxc4 44. bxc4 Qxc4 45. Qf3 Qxa4 46. Qa8+ Kh7 47. Qd5 Kg8 48. Qa8+ Nf8 49. Qc8 Qb5 0-1

[Event "Langenhagen-ch op"]
[Site "Langenhagen"]
[Date "2007.05.12"]
[Round "1"]
[White "Drezewski, Alexander"]
[Black "Hoebel, Oliver"]
[Result "1/2-1/2"]
[WhiteElo "1776"]
[BlackElo "1206"]
[PlyCount "181"]
[EventDate "2007.05.12"]
[EventType "swiss"]
[EventRounds "7"]
[EventCountry "GER"]
[SourceTitle "EXT 2021"]
[Source "ChessBase"]
[SourceDate "2020.10.23"]
[SourceVersion "1"]
[SourceVersionDate "2020.10.23"]
[SourceQuality "1"]

1. e4 g6 2. d4 Bg7 3. c4 d6 4. Be3 Nf6 5. f3 0-0 6. Bd3 Nbd7 7. Ne2 e5 8. d5 c6 9. 0-0 Qc7 10. Nbc3 Re8 11. Rc1 Nh5 12. Qd2 Nf8 13. g4 Nf6 14. Ng3 Qd8 15. Qg2 N8d7 16. Rf2 Nc5 17. Bxc5 dxc5 18. g5 Nd7 19. Nf1 h6 20. h4 cxd5 21. cxd5 h5 22. Nb5 Bf8 23. d6 Qb6 24. Nc7 Bxd6 25. Nxe8 Be7 26. Bc4 Qa5 27. Ne3 b5 28. Bd5 Rb8 29. b3 c4 30. Kh2 Nc5 31. Rfc2 Nd3 32. Nf6+ Kg7 33. Rb1 Bc5 34. Nd1 Ne1 35. Qe2 Nxc2 36. Qxc2 Qe1 37. Nf2 Qxf2+ 38. Qxf2 Bxf2 39. bxc4 b4 40. Ne8+ Kf8 41. Nd6 Be6 42. Bxe6 fxe6 43. Kh3 a6 44. Rf1 Bc5 45. f4 b3 46. fxe5+ Kg8 47. axb3 Rxb3+ 48. Kg2 Rb2+ 49. Kf3 Rb3+ 50. Kg2 Rb2+ 51. Kg3 Rb3+ 52. Rf3 Rxf3+ 53. Kxf3 Kf8 54. Nb7 Bd4 55. c5 Bxe5 56. Nd6 Ke7 57. Nc4 Bc7 58. e5 Kd7 59. Ke4 Kc6 60. Kd4 a5 61. Nd6 a4 62. Nc4 Kb5 63. Nd6+ Kb4 64. Ne8 Ba5 65. c6 a3 66. c7 Bxc7 67. Nxc7 a2 68. Nxe6 a1Q+ 69. Kd5 Qa2+ 70. Kd6 Qd2+ 71. Ke7 Qf2 72. Kd7 Qxh4 73. Nc7 Qg4+ 74. e6 h4 75. Kd6 Qf4+ 76. Kd7 Qxg5 77. e7 Qxe7+ 78. Kxe7 h3 79. Nd5+ Kc5 80. Nc3 Kd4 81. Ne2+ Ke5 82. Ng1 g5 83. Nxh3 g4 84. Ng1 Kf4 85. Kf6 Ke3 86. Kg5 g3 87. Kg4 Kf2 88. Nh3+ Kg2 89. Nf4+ Kh2 90. Kf3 g2 91. Nxg2 1/2-1/2